000 00673nam a2200241Ia 4500
003 OSt
005 20220912151547.0
006 a|||||r|||| 00| 0
007 ta
008 220909b |||||||| |||| 00| 0 eng d
024 _a20847
037 _cTextual
040 _aCSL
_beng
_cCSL
041 _aeng
082 _aB286p1,N83, M4
100 _aParzen Emanuel Ed.
245 0 _aTime Series Analysis of irregularly observed data
260 _aNew York
_b Springer- Verlag
_c1984
300 _a363p.
_ccm.
490 _aLecture Notes in Statistics; 25
942 _hB286p1,N83, M4
_cTEXL
_2CC
999 _c71384
_d71384